Factors influencing the implementation of site waste management plans on UK projects of all sizes (Record no. 115578)

MARC details
000 -LEADER
fixed length control field 01588cad a2200289 4500
001 - CONTROL NUMBER
control field L158900
008 - FIXED-LENGTH DATA ELEMENTS--GENERAL INFORMATION
fixed length control field 100215n2013 000 0 eng u
020 ## - INTERNATIONAL STANDARD BOOK NUMBER
International Standard Book Number 9781783210305
035 ## - SYSTEM CONTROL NUMBER
System control number (Sirsi) u158900
041 ## - LANGUAGE CODE
Language code of text/sound track or separate title eng
100 1# - MAIN ENTRY--PERSONAL NAME
Personal name Meding, Jason von
111 2# - MAIN ENTRY--MEETING NAME
Meeting name or jurisdiction name as entry element Construction and Building Research Conference
Location of meeting IIT Delhi, New Delhi
Date of meeting or treaty signing 10-12 September 2013
245 00 - TITLE STATEMENT
Title Factors influencing the implementation of site waste management plans on UK projects of all sizes
Medium [electronic resource]
260 ## - PUBLICATION, DISTRIBUTION, ETC.
Place of publication, distribution, etc. London
Name of publisher, distributor, etc. RICS
Date of publication, distribution, etc. 2013
490 #0 - SERIES STATEMENT
Series statement COBRA
Volume/sequential designation 2013
520 ## - SUMMARY, ETC.
Summary, etc. A paper presented at the COBRA Conference in New Delhi on 10-12 September 2013. Tries to identify and assess the opportunities and challenges of implementing a Site Waste Management Plan (SWMP) on projects irrespective of size. Although SWMP may not yet be legally required on all construction projects, clients and contractors need to realise the benefits to cut costs and implement best practice by adopting a SWMP. The benefits of implementing a SWMP are not only reduction of the amount of construction waste going to landfill, but also significant cost savings on projects and improvement of the environment.
650 24 - SUBJECT ADDED ENTRY--TOPICAL TERM
Topical term or geographic name entry element CONSTRUCTION AND BUILDING RESEARCH CONFERENCE (COBRA)
650 24 - SUBJECT ADDED ENTRY--TOPICAL TERM
Topical term or geographic name entry element SITE WASTE MANAGEMENT PLANS
650 24 - SUBJECT ADDED ENTRY--TOPICAL TERM
Topical term or geographic name entry element DEMOLITION WASTE
650 24 - SUBJECT ADDED ENTRY--TOPICAL TERM
Topical term or geographic name entry element ENVIRONMENTAL AND LAND CONSULTANCY-WASTE MANAGEMENT
651 #4 - SUBJECT ADDED ENTRY--GEOGRAPHIC NAME
Geographic name United Kingdom
Chronological subdivision
690 ## - LOCAL SUBJECT ADDED ENTRY--TOPICAL TERM (OCLC, RLIN)
Topical term or geographic name as entry element Minerals and waste
9 (RLIN) 6257
700 1# - ADDED ENTRY--PERSONAL NAME
Personal name Ming Shek, Yiu
700 1# - ADDED ENTRY--PERSONAL NAME
Personal name Spillane, John
700 1# - ADDED ENTRY--PERSONAL NAME
Personal name Konanahalli, Ashwini
942 ## - ADDED ENTRY ELEMENTS (KOHA)
Suppress in OPAC 0
Holdings
Withdrawn status Lost status Source of classification or shelving scheme Damaged status Not for loan Home library Current library Shelving location Date acquired Total Checkouts Full call number Barcode Date last seen Copy number Price effective from Koha item type
    Dewey Decimal Classification     Virtual Virtual Online 19/09/2015   ONLINE PUBLICATION 158900-2001 06/08/2019 1 06/08/2019 Book